000 00290nam a2200121Ia 4500
008 190216s9999||||xx |||||||||||||| ||und||
100 _aTarkeshwar P D Maitin
245 0 _aInstitutional Financing In India
260 _bMacmillan
_c1971
300 _a300p
650 _aCommerce
942 _cBK
999 _c4683
_d4683